| 000 | 00615nam a22002057a 4500 | ||
|---|---|---|---|
| 003 | NUST-PNEC | ||
| 005 | 20170116180746.0 | ||
| 008 | 150210b xxu||||| |||| 00| 0 eng d | ||
| 020 | _a0195798066 | ||
| 040 | _cPNEC | ||
| 082 | _a954.91 SAF | ||
| 100 |
_91323 _aSafdar Mahmood |
||
| 245 |
_aPakistan political roots & development 1947-1999 _cSafdar Mahmood |
||
| 250 | _a- | ||
| 300 | _a440 | ||
| 500 | _a- | ||
| 650 | _2History | ||
| 856 | _uhttp://www.amazon.com/Pakistan-Political-Roots-Development-1947-1999/dp/0195798066/ref=sr_1_1?ie=UTF8&qid=1423552708&sr=8-1&keywords=0195798066 | ||
| 942 |
_2ddc _cBK |
||
| 999 |
_c62385 _d62385 |
||